The Walking Dead Main Cast (S1-S8) - Statistics

General Stats
  • This quiz has been taken 354 times
  • The average score is 17 of 25
Answer Stats
Character Actor/Actress % Correct
Rick Grimes Andrew Lincoln
99%
Daryl Dixon Norman Reedus
93%
Carl Grimes Chandler Riggs
87%
Glenn Rhee Steven Yeun
87%
Maggie Rhee Lauren Cohan
84%
Shane Walsh Jon Bernthal
83%
Negan Jeffrey Dean Morgan
82%
Dale Horvath Jeffrey DeMunn
77%
Lori Grimes Sarah Wayne Callies
77%
Carol Peletier Melissa McBride
76%
Michonne Danai Gurira
75%
Merle Dixon Michael Rooker
72%
Abraham Ford Michael Cudlitz
69%
Beth Greene Emily Kinney
67%
Hershel Greene Scott Wilson
63%
Rosita Espinosa Christian Serratos
60%
Morgan Jones Lennie James
60%
Andrea Laurie Holden
57%
"The Governor" Phillip Blake David Morrissey
52%
Eugene Porter Josh McDermitt
50%
Aaron Ross Marquand
50%
Tara Chambler Alanna Masterson
48%
Sasha Williams Sonequa Martin-Green
48%
Gabriel Stokes Seth Gilliam
43%
Tyreese Williams Chad Coleman
40%
No matching quizzes found
Score Distribution
Percent of People with Each Score
Percentile by Number Answered
Your Score History
You have not taken this quiz